มุมมองปกติ
มุมมองแบบ MARC
- คณะทำงานพัฒนาเทคโนโลยีสารสนเทศเพื่อการสนับสนุนการปฏิบัติงานของสำนักกรรมาธิการ 1 สำนักกรรมาธิการ 2 และสำนักกรรมาธิการ 3.
รายการ Corporate Name
001 - CONTROL NUMBER
- control field: 67096
003 - CONTROL NUMBER IDENTIFIER
- control field: NALT
005 - DATE AND TIME OF LATEST TRANSACTION
- control field: 20251202092046.0
008 - FIXED-LENGTH DATA ELEMENTS
- fixed length control field: 251202|| aca||aabn | a|a d
040 ## - CATALOGING SOURCE
- Original cataloging agency: NALT
110 2# - HEADING--CORPORATE NAME
- Corporate name or jurisdiction name as entry element: คณะทำงานพัฒนาเทคโนโลยีสารสนเทศเพื่อการสนับสนุนการปฏิบัติงานของสำนักกรรมาธิการ 1 สำนักกรรมาธิการ 2 และสำนักกรรมาธิการ 3.
